Great sermons on the resurrection. (Record no. 14177)

000 -LEADER
fixed length control field 00606nam a2200193 a 4500
001 - CONTROL NUMBER
control field :::00012001$&:&@@
003 - CONTROL NUMBER IDENTIFIER
control field OkBaRHE
005 - DATE AND TIME OF LATEST TRANSACTION
control field 20000607103415.0
008 - FIXED-LENGTH DATA ELEMENTS--GENERAL INFORMATION
fixed length control field s1964 j 000 0 eng u
040 ## - CATALOGING SOURCE
Transcribing agency
100 1# - MAIN ENTRY--PERSONAL NAME
Personal name Smith, Wilbur Morrehead, 1894-
245 10 - TITLE STATEMENT
Title Great sermons on the resurrection.
260 ## - PUBLICATION, DISTRIBUTION, ETC. (IMPRINT)
Place of publication, distribution, etc Natick, MA., :
Name of publisher, distributor, etc W. A. Wilde Co.
Date of publication, distribution, etc 1964
300 ## - PHYSICAL DESCRIPTION
Extent 289 p. ;
Dimensions 23 cm.
650 ## - SUBJECT ADDED ENTRY--TOPICAL TERM
Topical term or geographic name as entry element Jesus Christ Resurrection
General subdivision Sermons
650 ## - SUBJECT ADDED ENTRY--TOPICAL TERM
Topical term or geographic name as entry element Sermons
General subdivision Resurrection
942 ## - ADDED ENTRY ELEMENTS (KOHA)
Source of classification or shelving scheme
Koha item type Books
Copies
Permanent Location Copy number Source of classification or shelving scheme Barcode Lost status Koha item type Damaged status Date last seen Shelving location Price effective from Not for loan Date acquired Withdrawn status Full call number
RHEMA Bible Training College1 12001 Books 2010-04-14General Stacks2010-04-14 2010-04-14 BX 8764 .S6